000
00282nam a2200109Ia 4500
005
20251222175818.0
008
251222s9999||||xx |||||||||||||| ||spa||
082
_a
DVD0080/W73/2012
245
0
_a
For greater glory:The True Story of Cristiada
264
_b
NewLand Films
942
_c
DVD
999
_c
40391
_d
40391